My least favorite countries as an American. - Statistics

General Stats
  • This quiz has been taken 43 times
  • The average score is 6 of 10
Answer Stats
Hint Answer % Correct
1 North Korea
94%
2 Russia
94%
4 Iran
89%
3 China
83%
8 Afghanistan
72%
10 Cuba
72%
5 Belarus
39%
9 Venezuela
36%
7 Lebanon
28%
6 Serbia
8%
No matching quizzes found
Score Distribution
Percent of People with Each Score
Percentile by Number Answered
Your Score History
You have not taken this quiz